Wa'apin man: la historia de la costa talamanqueña de Costa Rica, según sus protagonistas (Registro nro. 5299)
[ vista simple ]
| 000 -CABECERA | |
|---|---|
| campo de control de longitud fija | 00676aam a2200241 4500 |
| 005 - FECHA Y HORA DE ACTUALIZACIÓN | |
| campo de control | 20170203101517.0 |
| 008 - LONGITUD FIJA | |
| campo de control de longitud fija | 150508b xxu||||| |||| 00| 0 spa d |
| 041 ## - IDIOMA | |
| Código de idioma del texto/pista de sonido o título separado | |
| 082 ## - CLASIFICACIÓN DECIMAL DEWEY | |
| Número de clasificación | 972.861 P168w |
| 100 ## - AUTOR PERSONAL | |
| Nombre de persona | Palmer, Paula |
| 245 ## - TÍTULO PROPIAMENTE DICHO | |
| Título | Wa'apin man: la historia de la costa talamanqueña de Costa Rica, según sus protagonistas |
| 260 ## - PIE DE IMPRENTA | |
| Lugar de publicación, distribución, etc. | Costa Rica |
| 260 ## - PIE DE IMPRENTA | |
| Nombre del editor, distribuidor, etc. | Instituto del Libro |
| 260 ## - PIE DE IMPRENTA | |
| Fecha de publicación, distribución, etc. | 1986 |
| 300 ## - DESCRIPCIÓN FÍSICA | |
| Extensión | 402 páginas |
| 650 ## - Materia General | |
| Materia general | COSTA RICA |
| 650 ## - Materia General | |
| Materia general | LIMÓN |
| 650 ## - Materia General | |
| Materia general | NEGROS COSTARRICENSE |
| 650 ## - Materia General | |
| Materia general | HISTORIA |
| 650 ## - Materia General | |
| Materia general | VIDA SOCIAL Y COSTUMBRES |
| 650 ## - Materia General | |
| Materia general | TALAMANCA |
| 942 ## - Punto de Acceso Adicional Koha | |
| Tipo de ítem Koha | Libro |
| Estado perdido | Estado dañado | No para préstamo | Biblioteca permanente | Biblioteca actual | Signatura completa | Código de barras | Precio efectivo a partir del | Tipo de ítem |
|---|---|---|---|---|---|---|---|---|
| Departamento de Biblioteca y Documentación Alfonso Chase Brenes | Departamento de Biblioteca y Documentación Alfonso Chase Brenes | 972.861 P168w | 4193 | 03/02/2017 | Libro | |||
| Departamento de Biblioteca y Documentación Alfonso Chase Brenes | Departamento de Biblioteca y Documentación Alfonso Chase Brenes | 972.861 P168w | 4194 | 03/02/2017 | Libro |